| 000 | 00483nam a2200193Ia 4500 | ||
|---|---|---|---|
| 003 | GCL | ||
| 008 | 140319s9999 xx 000 0 eng d | ||
| 040 |
_aGCL / _cGCL |
||
| 082 | 0 | 4 |
_aCH _b002 _bM L |
| 100 | 1 | _aMASURO, TSUJIMURO | |
| 245 | 1 | 0 |
_aLE LIVRE 500 ANS D'HISTOIRE / _cMASURO, TSUJIMURO |
| 260 |
_a[S.N] : _bCIRCONFLEXE ، _c1989 |
||
| 300 | _a40 P | ||
| 650 | 0 | 4 | _aCHILDREN |
| 650 | 0 | 4 | _aHISTORY |
| 650 | 0 | 4 | _aHISTORY - BOOK |
| 650 | 0 | 4 | _aARTS - BOOKS |
| 942 |
_2ddc _cBK |
||
| 999 |
_c15082 _d15082 |
||